000 01338nam0a22003011 4500
001 rc\2127846
005 20250623013351.0
035 _a(NLR Aleph) 006512044
090 _a6340591
_c6340591
100 _a20110829d1979 |||y0rusy50 ca
101 0 _arus
102 _aRU
105 _ay z |||||
200 1 _aГражданский кодекс РСФСР
210 _aМосква
_cЮрид. лит.
_d1979
215 _a272 с.
_d22
423 0 _11010#$arus
_12001#$aГражданский процессуальный кодекс РСФСР
_tГражданский процессуальный кодекс РСФСР
423 0 _11010#$arus
_12001#$aКодекс о браке и семье РСФСР$fМ-во юстиции РСФСР
_tКодекс о браке и семье РСФСР
516 0 _aГК РСФСР. ГПК РСФСР. КоБС РСФСР
606 _aКодекс законов о браке и семье РСФСР
_2psbo
606 _aГражданский процессуальный кодекс РСФСР
_2psbo
740 1 _aРСФСР
_iГражданский кодекс
_tЗаконы и постановления
_9761805
_3RU\NLR\AUTH\880548245
801 0 _aRU
_bNLR
_gpsbo
801 1 _aRU
_bELAR
_2rusmarc
852 _aNLR
_j79-5/2274
942 _cBOOK
980 _aNB